|
|
|
|
| LEADER |
01383nam a22003734a 4500 |
| 001 |
EBC1968913 |
| 003 |
MiAaPQ |
| 005 |
20200520144314.0 |
| 006 |
m o d | |
| 007 |
cr cn||||||||| |
| 008 |
060605s2007 nyua sb 001 0 eng |
| 010 |
|
|
|z 2006044369
|
| 020 |
|
|
|z 9780765618023 (alk. paper)
|
| 020 |
|
|
|z 0765618028 (alk. paper)
|
| 035 |
|
|
|a (MiAaPQ)EBC1968913
|
| 035 |
|
|
|a (Au-PeEL)EBL1968913
|
| 035 |
|
|
|a (CaPaEBR)ebr10178063
|
| 035 |
|
|
|a (CaONFJC)MIL91287
|
| 035 |
|
|
|a (OCoLC)905984396
|
| 040 |
|
|
|a MiAaPQ
|c MiAaPQ
|d MiAaPQ
|
| 050 |
|
4 |
|a HF1379
|b .V363 2007
|
| 082 |
0 |
4 |
|a 338.9
|2 22
|
| 100 |
1 |
|
|a Van den Berg, Hendrik,
|d 1949-
|
| 245 |
1 |
0 |
|a International trade and economic growth
|h [electronic resource] /
|c Hendrik Van den Berg and Joshua J. Lewer.
|
| 260 |
|
|
|a Armonk, New York :
|b M.E. Sharpe,
|c c2007.
|
| 300 |
|
|
|a xix ,305 p. :
|b ill.
|
| 504 |
|
|
|a Includes bibliographical references, (p. 263-283) and index.
|
| 533 |
|
|
|a Electronic reproduction. Ann Arbor, MI : ProQuest, 2015. Available via World Wide Web. Access may be limited to ProQuest affiliated libraries.
|
| 650 |
|
0 |
|a International trade.
|
| 650 |
|
0 |
|a Economic development.
|
| 655 |
|
4 |
|a Electronic books.
|
| 700 |
1 |
|
|a Lewer, Joshua J.,
|d 1972-
|
| 710 |
2 |
|
|a ProQuest (Firm)
|
| 856 |
4 |
0 |
|u https://ebookcentral.proquest.com/lib/matrademy/detail.action?docID=1968913
|z Click to View
|